000 00677nam a2200289Ia 4500
005 20260324145314.0
008 008 260324s9999 xx 000 0 eng d
020 _a9780429329579
037 _aEBOOK
040 _aCRL
040 _beng
040 _cCRL
041 _2eng
041 _aeng
084 _qCRL
100 _aK. Hewitt
_91222498
245 0 _aInterpretations of Calamity
245 0 _bFrom the Viewpoint of Human Ecology
260 _bTaylor and Francis
260 _c1983
365 _a
365 _b205
856 _uhttp://www.taylorfrancis.com/books/9780429329579
942 _cEBOOK
999 _c1830207
_d1830207